Un viaggio (stra)ordinario È da persone comuni che nascono imprese non comuni

Saved in:
Bibliografiske detaljer
Institution som forfatter: Croce Rossa Italiana
Format: Ukendt
Sprog:engelsk
Udgivet: Roma Croce Rossa Italiana 2014
Tags: Tilføj Tag
Ingen Tags, Vær først til at tagge denne postø!

MARC

LEADER 00000 a2200000 4500
005 20240718160700.0
008 240717b |||||||| |||| 00| 0 eng d
040 |c GP 
110 |a Croce Rossa Italiana 
245 |a Un viaggio (stra)ordinario  |b È da persone comuni che nascono imprese non comuni 
260 |a Roma  |b Croce Rossa Italiana  |c 2014 
942 |2 ddc  |c BK  |n 0 
952 |0 0  |1 0  |2 ddc  |4 0  |6 306_766000000000000_CRI  |7 1  |9 1631  |a RM  |b RM  |d 2024-07-17  |l 0  |o 306.766 CRI  |p 492  |r 2024-07-17 18:29:21  |w 2024-07-17  |y BK 
999 |c 1447  |d 1447